000
00303nam a2200121Ia 4500
008
190722s9999 xx 000 0 und d
020
_a
978-0-231-17140-3
100
_a
Christian DE Perthuis
245
0
_a
Green Capital
260
_a
New York
_b
Columbia university press
_c
2015
300
_a
282
942
_c
BK
999
_c
228
_d
228